Mapa de cobertura de la tierra cuenca Magdalena-Cauca : (Registro nro. 6772)
[ vista simple ]
| 000 -CABECERA | |
|---|---|
| Campo de control | 01232nam a2200301 a 4500 |
| 005 - FECHA Y HORA DE LA ULTIMA TRANSACCION | |
| Campo de control | 20160217182525.0 |
| 008 - ELEMENTOS DE LONGITUD FIJA—INFORMACION GENERAL | |
| Campo de control | 160217s2008 ck ab fr||||o000 0 spa d |
| 020 ## - ISBN | |
| ISBN | 9789588323190 |
| 040 ## - FUENTE DE CATALOGACIÓN | |
| Agencia catalogadora original | CO-BoIAVH |
| Agencia transcriptora | CO-BoIAVH |
| 041 0# - IDIOMA | |
| Código de idioma para texto/pista de sonido o título separado | Español |
| 044 ## - PAÍS DE PUBLICACIÓN | |
| País de publicación | Colombia |
| 082 04 - NUMERO DE CLASIFICACION DECIMAL DEWEY | |
| Número de clasificación | 550.223 |
| Número del ítem | I59m |
| 110 2# - ASIENTO PRINCIPAL--NOMBRE CORPORATIVO | |
| Unidad subordinad | Instituto de Hidrología, Meteorología y Estudios Ambientales |
| 9 (RLIN) | 60845 |
| 245 10 - MENCION DE TITULO | |
| Título | Mapa de cobertura de la tierra cuenca Magdalena-Cauca : |
| Parte restante del título | metodología Corine Land Cover adaptada para Colombia a escala 1:100.000 |
| 260 ## - PUBLICACION, DISTRIBUCION, ETC. (PIE DE IMPRENTA) | |
| Lugar de publicación, distribución, etc. | Bogotá : |
| Nombre del editor, distribuidor, etc. | IDEAM : |
| -- | IGAC : |
| -- | CORPOMAGDALENA, |
| Fecha de publicación, distribución, etc. | 2008. |
| 300 ## - DESCRIPCION FISICA | |
| Extensión | 200 páginas : |
| Otros detalles físicos | Ilustraciones (algunas a color), Mapas; |
| Dimensiones | 28 x 22 cm. |
| 504 ## - NOTA DE BIBLIOGRAFIA, ETC. | |
| Nota de bibliografía | Incluye referencias bibliográficas: páginas 193-195. |
| 650 14 - ASIENTO SECUNDARIO DE MATERIA - TERMINO TEMATICO | |
| Término temático o nombre geográfico como elemento de entrada | Cobertura de la tierra |
| 9 (RLIN) | 23491 |
| 650 24 - ASIENTO SECUNDARIO DE MATERIA - TERMINO TEMATICO | |
| Término temático o nombre geográfico como elemento de entrada | CORINE Land Cover |
| Subdivisión general | Metodología |
| 9 (RLIN) | 60846 |
| 650 24 - ASIENTO SECUNDARIO DE MATERIA - TERMINO TEMATICO | |
| Término temático o nombre geográfico como elemento de entrada | Planicie del caribe |
| 9 (RLIN) | 60847 |
| 650 24 - ASIENTO SECUNDARIO DE MATERIA - TERMINO TEMATICO | |
| Término temático o nombre geográfico como elemento de entrada | Valle del río Magdalena |
| 9 (RLIN) | 60848 |
| 650 24 - ASIENTO SECUNDARIO DE MATERIA - TERMINO TEMATICO | |
| Término temático o nombre geográfico como elemento de entrada | Valle del río Cauca |
| 9 (RLIN) | 60849 |
| 650 24 - ASIENTO SECUNDARIO DE MATERIA - TERMINO TEMATICO | |
| Término temático o nombre geográfico como elemento de entrada | Región Andina |
| Subdivisión geográfica | Colombia |
| 9 (RLIN) | 60850 |
| 650 24 - ASIENTO SECUNDARIO DE MATERIA - TERMINO TEMATICO | |
| Término temático o nombre geográfico como elemento de entrada | Cartografía |
| Subdivisión geográfica | Colombia |
| 9 (RLIN) | 60851 |
| 710 2# - ASIENTO SECUNDARIO - NOMBRE CORPORATIVO | |
| Nombre corporativo o de jurisdicción como elemento de entrada | Corporación Autónoma Regional de Río Grande de la Macarena |
| 9 (RLIN) | 60852 |
| 710 2# - ASIENTO SECUNDARIO - NOMBRE CORPORATIVO | |
| Nombre corporativo o de jurisdicción como elemento de entrada | Instituto Geográfico Agustín Codazzi |
| 9 (RLIN) | 60853 |
| 942 ## - ELEMENTOS ADICIONALES (KOHA) | |
| Tipo de ítem | Libro |
| Sistema de clasificación | Dewey Decimal Classification |
| Withdrawn status | Lost status | Sistema de Clasificación | Damaged status | No para préstamo | Colección | Inventariado | Ubicación Permanente | Ubicación actual | Fecha de adquisición | Fuente de Valor | Valor | Total Checkouts | Número topográfico | Inventario / Código de Barras | Date last seen | Date checked out | Ejemplar | Price effective from | Forma de adquisición | Tipo de material | Public note |
|---|---|---|---|---|---|---|---|---|---|---|---|---|---|---|---|---|---|---|---|---|---|
| Dewey Decimal Classification | General | Inventariado 2017 | Bogotá | Bogotá | 29/04/2009 | Instituto | 39000.00 | 1 | LB-550.223 I59m | 026951 | 09/01/2014 | 13/12/2013 | Ej.1 | 04/12/2012 | Libro | Incluye CD-ROM: CID-026952 | |||||
| Dewey Decimal Classification | General | Villa de Leyva | Villa de Leyva | 29/04/2009 | LB-05417 | 026952 | 04/12/2012 | Ej. 1 | 04/12/2012 | CD-ROM | Mapa de cobertura de la Tierra cuenca Magdalena - Cauca |